书目信息 |
| 题名: |
中国汽车产业集群竞争力研究
|
|
| 作者: | 潘福林 , 姬霖 , 张春颖 著 | |
| 分册: | ||
| 出版信息: | 北京 科学出版社 2013 |
|
| 页数: | 177页 | |
| 开本: | 24cm | |
| 丛书名: | ||
| 单 册: | ||
| 中图分类: | F426.471 | |
| 科图分类: | ||
| 主题词: | 汽车工业--集群--竞争力--研究--中国 , 汽车工业 , 集群 , 竞争力 | |
| 电子资源: | ||
| ISBN: | 978-7-03-037610-7 | |
| 000 | 01219nam0 2200289 450 | |
| 001 | 523 | |
| 005 | 20140909094448.15 | |
| 010 | @a978-7-03-037610-7@dCNY68.00 | |
| 100 | @a20130807d2013 em y0chiy50 ea | |
| 101 | 0 | @achi |
| 102 | @aCN@b110000 | |
| 105 | @ay z 000yy | |
| 106 | @ar | |
| 200 | 1 | @a中国汽车产业集群竞争力研究@AZhong Guo Qi Che Chan Ye Ji Qun Jing Zheng Li Yan Jiu@f潘福林,姬霖,张春颖著@FPan Fu Lin, Ji Lin, Zhang Chun Ying Zhu |
| 210 | @a北京@c科学出版社@d2013 | |
| 215 | @a177页@d24cm | |
| 330 | @a本书从产业集群治理、产业集群政策、嵌入全球价值链等视角进行探索,为促进我国汽车产业集群更好地发展奠定理论基础。同时,在剖析我国汽车产业集群竞争力的过程中,将引入企业战略分析的著名方法——SWOT分析法,对我国汽车产业集群竞争力进行定性分析;采用纯技术的相对有效性评价方法——数据包络分析方法,对我国汽车产业集群竞争力进行定量评价。 | |
| 606 | 0 | @a汽车工业@x集群@x竞争力@x研究@y中国 |
| 606 | 0 | @a汽车工业 |
| 606 | 0 | @a集群 |
| 606 | 0 | @a竞争力 |
| 690 | @aF426.471@v5 | |
| 701 | 0 | @a潘福林@APan Fu Lin@f(1960~)@4著 |
| 701 | 0 | @a姬霖@AJi Lin@c(女,@f1977~)@4著 |
| 701 | 0 | @a张春颖@AZhang Chun Ying@f(1971~)@4著 |
| 801 | 0 | @aCN@bTANGWEI@c20140603 |
| 905 | @b0841448-50@dF426.471@e132@f3 | |
| 中国汽车产业集群竞争力研究/潘福林,姬霖,张春颖著.-北京:科学出版社,2013 |
| 177页;24cm |
| ISBN 978-7-03-037610-7:CNY68.00 |
| 本书从产业集群治理、产业集群政策、嵌入全球价值链等视角进行探索,为促进我国汽车产业集群更好地发展奠定理论基础。同时,在剖析我国汽车产业集群竞争力的过程中,将引入企业战略分析的著名方法——SWOT分析法,对我国汽车产业集群竞争力进行定性分析;采用纯技术的相对有效性评价方法——数据包络分析方法,对我国汽车产业集群竞争力进行定量评价。 |
| ● |
| 相关链接 |
|
|
|
|
正题名:中国汽车产业集群竞争力研究
索取号:F426.471/132
 
预约/预借
| 序号 | 登录号 | 条形码 | 馆藏地/架位号 | 状态 | 备注 |
| 1 | 0841448 | 208414483 | 第一样本阅览室/ [索取号:F426.471/132] | 在馆 | |
| 2 | 0841449 | 208414492 | 密集书库-海洋学院/ [索取号:F426.471/132] | 在馆 | |
| 3 | 0841450 | 208414508 | 第一借阅区/ [索取号:F426.471/132] | 在馆 |